[Event "Fejer County-ch"]
[Site "Fejer Region"]
[Date "2016.11.19"]
[Round "6"]
[White "Tvarusko, Laszlo"]
[Black "Kun, Balint"]
[Result "1/2-1/2"]
[WhiteElo "1771"]
[BlackElo "1525"]
[PlyCount "132"]
[EventDate "2016.11.05"]
[EventType "swiss"]
[EventRounds "7"]
[EventCountry "HUN"]
[SourceTitle "EXT 2018"]
[Source "ChessBase"]
[SourceDate "2017.10.13"]
[SourceVersion "1"]
[SourceVersionDate "2017.10.13"]
[SourceQuality "1"]

1. d4 Nf6 2. c4 g6 3. Nc3 Bg7 4. e4 d6 5. f3 Nc6 6. Be3 0-0 7. Qd2 a6 8. Bd3 Rb8 9. Nge2 Bd7 10. a3 e5 11. d5 Ne7 12. 0-0 Ne8 13. g4 f5 14. gxf5 gxf5 15. Bh6 f4 16. Bxg7 Kxg7 17. Kh1 h5 18. Rg1+ Kh7 19. Rg5 Nf6 20. Rag1 Rg8 21. Nxf4 Rxg5 22. Rxg5 Qe8 23. Nfe2 Qf7 24. f4 Ng4 25. Ng3 Qxf4 26. Rxh5+ Kg8 27. Qxf4 exf4 28. Be2 Nf2+ 29. Kg2 fxg3 30. hxg3 Nh3 31. Rxh3 Bxh3+ 32. Kxh3 Rf8 33. Kg2 Kg7 34. Bg4 Ng6 35. Bf5 Ne5 36. b3 Kf6 37. Ne2 Nd3 38. g4 Ke5 39. Kg3 Nc5 40. Nf4 Nxe4+ 41. Kf3 Ng5+ 42. Ke3 Kf6 43. Kd3 Rh8 44. Kc3 Re8 45. b4 Ne4+ 46. Kd4 Ng3 47. Be6 Rh8 48. c5 dxc5+ 49. bxc5 Rh2 50. Kc4 Rc2+ 51. Kb4 Rb2+ 52. Kc3 Rf2 53. g5+ Kg7 54. Nd3 Rf3 55. Bc8 Ne4+ 56. Kd4 Nxg5 57. Bxb7 Rg3 58. Bxa6 Rg4+ 59. Kc3 Ra4 60. Bb5 Rxa3+ 61. Kd4 Kf8 62. d6 Ne6+ 63. Ke5 Nxc5 64. dxc7 Nxd3+ 65. Bxd3 Rc3 66. Bf5 Rxc7 1/2-1/2

[Event "Fejer County-ch"]
[Site "Fejer Region"]
[Date "2016.11.06"]
[Round "4"]
[White "Vegvari, Ferenc"]
[Black "Tvarusko, Laszlo"]
[Result "0-1"]
[WhiteElo "1693"]
[BlackElo "1771"]
[PlyCount "76"]
[EventDate "2016.11.05"]
[EventType "swiss"]
[EventRounds "7"]
[EventCountry "HUN"]
[SourceTitle "EXT 2018"]
[Source "ChessBase"]
[SourceDate "2017.10.13"]
[SourceVersion "1"]
[SourceVersionDate "2017.10.13"]
[SourceQuality "1"]

1. d4 e6 2. Nf3 f5 3. Bg5 Nf6 4. e3 Be7 5. Nbd2 0-0 6. Bc4 d5 7. Bxf6 Bxf6 8. Bd3 Nd7 9. Qe2 c5 10. c3 e5 11. Bxf5 exd4 12. Be6+ Kh8 13. cxd4 cxd4 14. 0-0 dxe3 15. fxe3 Bxb2 16. Rab1 Bf6 17. Bxd5 Nb6 18. Bb3 Re8 19. Rbd1 Qe7 20. e4 Bg4 21. h3 Bh5 22. Rde1 Bc3 23. Qb5 Bxf3 24. Rxf3 Bxd2 25. Re2 Bh6 26. Rf7 Qd6 27. e5 Qd4+ 28. Kh1 Rf8 29. e6 Bf4 30. g3 Bd6 31. e7 Rfe8 32. Ref2 Bxe7 33. Qf5 Bf6 34. Bc2 Qd5+ 35. Qxd5 Nxd5 36. Rxb7 h6 37. Bb3 Nb6 38. Bf7 Re7 0-1

[Event "Fejer County-ch"]
[Site "Fejer Region"]
[Date "2016.11.05"]
[Round "1"]
[White "Leipold, Zora"]
[Black "Tvarusko, Laszlo"]
[Result "0-1"]
[WhiteElo "1471"]
[BlackElo "1771"]
[PlyCount "48"]
[EventDate "2016.11.05"]
[EventType "swiss"]
[EventRounds "7"]
[EventCountry "HUN"]
[SourceTitle "EXT 2018"]
[Source "ChessBase"]
[SourceDate "2017.10.13"]
[SourceVersion "1"]
[SourceVersionDate "2017.10.13"]
[SourceQuality "1"]

1. e4 e5 2. Nf3 Nc6 3. Bb5 a6 4. Ba4 Nf6 5. 0-0 Be7 6. Re1 b5 7. Bb3 0-0 8. c3 d5 9. exd5 Nxd5 10. Nxe5 Nxe5 11. Rxe5 c6 12. d4 Bd6 13. Re1 Qh4 14. g3 Qh3 15. Bxd5 cxd5 16. Qf3 Bg4 17. Qg2 Qh5 18. Nd2 Rfe8 19. Re3 Rxe3 20. fxe3 Re8 21. Nf1 Re6 22. Bd2 Rf6 23. Be1 Bh3 24. g4 Qxg4 0-1

[Event "Fejer County-ch"]
[Site "Fejer Region"]
[Date "2016.11.05"]
[Round "2"]
[White "Tvarusko, Laszlo"]
[Black "Fancsy, Imre"]
[Result "0-1"]
[WhiteElo "1771"]
[BlackElo "2396"]
[PlyCount "68"]
[EventDate "2016.11.05"]
[EventType "swiss"]
[EventRounds "7"]
[EventCountry "HUN"]
[SourceTitle "EXT 2018"]
[Source "ChessBase"]
[SourceDate "2017.10.13"]
[SourceVersion "1"]
[SourceVersionDate "2017.10.13"]
[SourceQuality "1"]

1. e4 c5 2. Nf3 e6 3. d4 cxd4 4. Nxd4 a6 5. Nc3 Qc7 6. a3 b5 7. g3 Bb7 8. Bg2 d6 9. 0-0 Nf6 10. Bg5 Nbd7 11. Qe2 Be7 12. Rad1 0-0 13. f4 Rfe8 14. Kh1 Rac8 15. g4 Nb6 16. f5 Bd8 17. fxe6 fxe6 18. Bc1 g6 19. g5 Nh5 20. Rf2 Nc4 21. Rdf1 Ng7 22. Qf3 Nf5 23. Nxf5 exf5 24. Qf4 fxe4 25. Bxe4 Bxg5 26. Qxg5 Rxe4 27. Nd5 Re5 28. Qh6 Bxd5+ 29. Kg1 Qe7 30. b3 Ne3 31. Qh3 Be6 32. Qf3 Rg5+ 33. Kh1 Bd5 34. Bxe3 Qxe3 0-1

[Event "Szekesfehervar-ch"]
[Site "Szekesfehervar"]
[Date "2014.09.27"]
[Round "5"]
[White "Kanalas, Mihaly"]
[Black "Tvarusko, Laszlo"]
[Result "0-1"]
[WhiteElo "1672"]
[BlackElo "1851"]
[PlyCount "89"]
[EventDate "2014.09.13"]
[EventType "swiss"]
[EventRounds "7"]
[EventCountry "HUN"]
[SourceTitle "EXT 2016"]
[Source "ChessBase"]
[SourceDate "2015.10.08"]
[SourceVersion "1"]
[SourceVersionDate "2015.10.08"]
[SourceQuality "1"]

1. e4 c6 2. d4 d5 3. exd5 cxd5 4. Nc3 Nf6 5. Be2 Bf5 6. Nf3 e6 7. Ne5 Be7 8. Bg5 0-0 9. h3 Nc6 10. Nxc6 bxc6 11. Qd2 Ne4 12. Bxe7 Qxe7 13. Nxe4 Bxe4 14. f3 Bg6 15. 0-0 c5 16. b3 Rac8 17. c3 Rfd8 18. Rac1 h6 19. Qe3 cxd4 20. cxd4 Qa3 21. Qd2 a5 22. f4 a4 23. Rxc8 Rxc8 24. bxa4 Qxa4 25. Bd1 Bc2 26. Kh2 Qxa2 27. Rf2 Rc4 28. Bxc2 Qa7 29. Qd3 g6 30. Rd2 Qc7 31. g3 Rc3 32. Qe2 h5 33. Qf2 Kg7 34. Re2 Qc4 35. g4 hxg4 36. hxg4 Qc8 37. f5 Qc7+ 38. Kg1 Rg3+ 39. Kf1 Rxg4 40. f6+ Kg8 41. Qe3 Rh4 42. Rg2 Qc4+ 43. Kg1 Qxd4 44. Qf2 Qa1+ 45. Qf1 0-1

[Event "Szekesfehervar-ch"]
[Site "Szekesfehervar"]
[Date "2014.09.13"]
[Round "2"]
[White "Szinavel, Zsolt"]
[Black "Tvarusko, Laszlo"]
[Result "1-0"]
[WhiteElo "2095"]
[BlackElo "1851"]
[PlyCount "125"]
[EventDate "2014.09.13"]
[EventType "swiss"]
[EventRounds "7"]
[EventCountry "HUN"]
[SourceTitle "EXT 2016"]
[Source "ChessBase"]
[SourceDate "2015.10.08"]
[SourceVersion "1"]
[SourceVersionDate "2015.10.08"]
[SourceQuality "1"]

1. b3 Nf6 2. Bb2 g6 3. g4 Bg7 4. h4 d6 5. g5 Nh5 6. Bxg7 Nxg7 7. Bg2 c6 8. c4 e6 9. Nc3 d5 10. Nf3 Nd7 11. Rc1 dxc4 12. Ne4 0-0 13. h5 cxb3 14. Qxb3 Qb6 15. Qc3 Nxh5 16. Rxh5 gxh5 17. Ne5 f5 18. Nxd7 Bxd7 19. Nf6+ Rxf6 20. gxf6 Be8 21. e4 Rd8 22. exf5 exf5 23. Bf1 Qd4 24. Qg3+ Bg6 25. Bc4+ Kf8 26. Qa3+ Rd6 27. Rc3 f4 28. f3 Qxd2+ 29. Kf1 Qd4 30. Be2 Qxf6 31. Rb3 b5 32. Qxa7 Qa1+ 33. Kg2 Qd4 34. Qa8+ Kg7 35. Qb7+ Bf7 36. Bd3 Kh6 37. Qxf7 Rd7 38. Qe6+ Kg5 39. Qe4 Qg7 40. Rb1 Kh4+ 41. Kf2 Qg3+ 42. Ke2 Qg2+ 43. Kd1 Qf1+ 44. Kc2 Qf2+ 45. Kc3 Qc5+ 46. Kd2 Qf2+ 47. Qe2 Qd4 48. Rh1+ Kg5 49. Kc2 b4 50. Qd2 c5 51. Qg2+ Kf6 52. Qd2 c4 53. Rd1 cxd3+ 54. Kb1 Rd6 55. Rc1 Qe3 56. Qb2+ Kg6 57. Qg2+ Kf7 58. Rc7+ Ke6 59. Qg8+ Kf5 60. Qf8+ Rf6 61. Rc5+ Kg6 62. Qg8+ Kh6 63. Qg5# 1-0

[Event "Fejer County-chT 1213"]
[Site "Fejer Region"]
[Date "2013.03.02"]
[Round "6.25"]
[White "Tvarusko, Laszlo"]
[Black "Szabo, Levente"]
[Result "0-1"]
[WhiteElo "1877"]
[BlackElo "2038"]
[PlyCount "85"]
[EventDate "2012.11.03"]
[EventType "team-tourn"]
[EventRounds "7"]
[EventCountry "HUN"]
[SourceTitle "EXT 2019"]
[Source "ChessBase"]
[SourceDate "2018.10.10"]
[SourceVersion "1"]
[SourceVersionDate "2018.10.10"]
[SourceQuality "1"]
[WhiteTeam "Fehervar II"]
[BlackTeam "Sarosd"]
[WhiteTeamCountry "HUN"]
[BlackTeamCountry "HUN"]

1. d4 d5 2. Nf3 Nf6 3. c4 e6 4. Nc3 Be7 5. Bg5 0-0 6. e3 c6 7. Bd3 Nbd7 8. 0-0 dxc4 9. Bxc4 Nb6 10. Bb3 Nbd5 11. Rc1 Nxc3 12. Rxc3 a5 13. Rc1 h6 14. Bh4 Ne4 15. Bxe7 Qxe7 16. Bc2 Nf6 17. Ne5 Qd6 18. Bb1 Nd7 19. Qc2 f5 20. Nxd7 Bxd7 21. Rfd1 Rf6 22. g3 h5 23. h4 Rg6 24. Kh2 Rg4 25. f4 g5 26. hxg5 h4 27. Rg1 Kf7 28. Qc5 Qc7 29. Qe5 Qxe5 30. dxe5 Rh8 31. Rc2 c5 32. Kg2 Bc6+ 33. Kf1 Rxg3 34. Kf2 Rf3+ 35. Ke2 h3 36. Rcc1 h2 37. Rh1 Rg3 38. e4 Rg2+ 39. Kf3 Rxb2 40. Kg3 fxe4 41. Bc2 e3 42. Rxh2 Rxh2 43. Be4 0-1

[Event "HUN-chT2 Charousek 1213"]
[Site "Hungary"]
[Date "2012.11.04"]
[Round "3"]
[White "Horvath, Akos"]
[Black "Tvarusko, Laszlo"]
[Result "0-1"]
[WhiteElo "1691"]
[BlackElo "1877"]
[PlyCount "98"]
[EventDate "2012.09.16"]
[EventType "team-tourn"]
[EventRounds "11"]
[EventCountry "HUN"]
[SourceTitle "EXT 2014"]
[Source "ChessBase"]
[SourceDate "2013.11.20"]
[SourceVersion "1"]
[SourceVersionDate "2013.11.20"]
[SourceQuality "1"]
[WhiteTeam "Aquaprofit II"]
[BlackTeam "Fehervar"]
[WhiteTeamCountry "HUN"]
[BlackTeamCountry "HUN"]

1. e4 e6 2. d4 d5 3. Nc3 Bb4 4. e5 c5 5. Be3 cxd4 6. Bxd4 Ne7 7. Nf3 Nbc6 8. Bd3 Nxd4 9. Nxd4 Qc7 10. Bb5+ Nc6 11. 0-0 0-0 12. Bxc6 bxc6 13. Qh5 Ba6 14. Rfd1 c5 15. Ndb5 Qc6 16. Nd6 f6 17. Qg4 f5 18. Qf3 c4 19. Nxd5 exd5 20. Qxd5+ Qxd5 21. Rxd5 Bxd6 22. Rxd6 Bb7 23. f3 Rfe8 24. Re1 Rad8 25. Rxd8 Rxd8 26. Kf2 Rd2+ 27. Re2 Rxe2+ 28. Kxe2 Kf7 29. g3 Ke6 30. f4 Kd5 31. Ke3 h6 32. c3 Bc6 33. a3 a5 34. h3 Bd7 35. h4 Be8 36. Kf3 Bh5+ 37. Ke3 Bg4 38. e6 Bh5 39. e7 Kc5 40. Kd2 Kd6 41. Ke3 Kxe7 42. Kd4 Bf7 43. Kc5 Kd7 44. Kb5 Kd6 45. Kxa5 Kc5 46. Ka6 Be8 47. Ka5 Bc6 48. Ka6 Bb5+ 49. Ka5 h5 0-1

[Event "Fejer County-ch"]
[Site "Szekesfehervar"]
[Date "2012.03.15"]
[Round "2"]
[White "Pais, Nimrod"]
[Black "Tvarusko, Laszlo"]
[Result "1-0"]
[WhiteElo "2026"]
[BlackElo "1935"]
[PlyCount "123"]
[EventDate "2012.03.15"]
[EventType "swiss"]
[EventRounds "7"]
[EventCountry "HUN"]
[SourceTitle "EXT 2019"]
[Source "ChessBase"]
[SourceDate "2018.10.10"]
[SourceVersion "1"]
[SourceVersionDate "2018.10.10"]
[SourceQuality "1"]

1. d4 Nf6 2. Bg5 e6 3. Nd2 Be7 4. e4 d6 5. Bd3 0-0 6. Ngf3 Nbd7 7. 0-0 b6 8. Qe2 Bb7 9. h3 e5 10. c3 c5 11. Rad1 h6 12. Bh4 Nh7 13. Bg3 Bf6 14. Nc4 Qe7 15. dxe5 dxe5 16. Ne3 Ng5 17. Nf5 Nxf3+ 18. Qxf3 Qe6 19. b3 Rad8 20. Qg4 Kh7 21. Bc4 Qc6 22. Nd6 Nb8 23. Qf5+ Kg8 24. Nxb7 Qxb7 25. Rxd8 Rxd8 26. Bxe5 Bxe5 27. Qxe5 Nc6 28. Qf4 Qe7 29. Bd5 Ne5 30. Qg3 Kh7 31. f4 Ng6 32. c4 f6 33. h4 Nf8 34. Qg4 Re8 35. h5 Kh8 36. Rf3 Ne6 37. Bxe6 Qxe6 38. Qxe6 Rxe6 39. Re3 Kg8 40. Kf2 Kf7 41. Re1 Ke8 42. e5 f5 43. Kf3 Re7 44. g4 fxg4+ 45. Kxg4 Rd7 46. Re2 Rd4 47. Kf5 Ke7 48. Rg2 Kf7 49. e6+ Kf8 50. e7+ Kxe7 51. Rxg7+ Kd8 52. Rxa7 Rd2 53. Kg6 Rd6+ 54. Kg7 Rd4 55. f5 Rg4+ 56. Kxh6 Ke8 57. Rg7 Rf4 58. Kg6 Kf8 59. Rb7 Rf2 60. h6 Rg2+ 61. Kf6 Kg8 62. Rg7+ 1-0

[Event "HUN-chT2 Charousek 1112"]
[Site "Hungary"]
[Date "2012.01.29"]
[Round "5"]
[White "Tvarusko, Laszlo"]
[Black "Grimm, Gyorgy"]
[Result "1-0"]
[WhiteElo "1935"]
[BlackElo "1888"]
[PlyCount "111"]
[EventDate "2011.09.25"]
[EventType "team-tourn"]
[EventRounds "11"]
[EventCountry "HUN"]
[SourceTitle "EXT 2013"]
[Source "ChessBase"]
[SourceDate "2012.11.22"]
[SourceVersion "1"]
[SourceVersionDate "2012.11.22"]
[SourceQuality "1"]
[WhiteTeam "Fehervar"]
[BlackTeam "BEAC"]
[WhiteTeamCountry "HUN"]
[BlackTeamCountry "HUN"]

1. d4 Nf6 2. c4 g6 3. Nc3 Bg7 4. e4 0-0 5. Nf3 d6 6. g3 c5 7. d5 Na6 8. Bg2 Nc7 9. 0-0 e6 10. Bg5 h6 11. Bf4 e5 12. Bd2 Bd7 13. Ne1 Nfe8 14. f4 f6 15. Nd3 b5 16. b3 a5 17. fxe5 fxe5 18. Rxf8+ Bxf8 19. Qf3 Qf6 20. Rf1 Qxf3 21. Rxf3 a4 22. cxb5 axb3 23. a4 Rb8 24. Rf1 Na8 25. Rb1 Nb6 26. Bf1 Ra8 27. Nb2 Nc7 28. Bc4 Nxc4 29. Nxc4 Rb8 30. Rxb3 Kg7 31. b6 Na6 32. a5 Rb7 33. Nb5 Bxb5 34. Rxb5 Be7 35. Rb3 h5 36. h4 Bf8 37. Bg5 Kg8 38. Bd8 Rd7 39. Bf6 Rb7 40. Na3 Kf7 41. Bg5 Ke8 42. Nb5 Be7 43. Bxe7 Kxe7 44. Na7 Ke8 45. Nc6 Kf8 46. Nd8 Rb8 47. Ne6+ Ke7 48. Rf3 Ra8 49. Ng5 Nb4 50. Rf7+ Ke8 51. Ra7 Rb8 52. b7 Kd7 53. a6 c4 54. Kf1 c3 55. Ke2 Na2 56. Kd3 1-0

[Event "HUN-ch Seniors"]
[Site "Ajka"]
[Date "2009.06.26"]
[Round "6"]
[White "Balogh, Pal"]
[Black "Tvarusko, Laszlo"]
[Result "1-0"]
[WhiteElo "1942"]
[BlackElo "1983"]
[PlyCount "59"]
[EventDate "2009.06.22"]
[EventType "swiss"]
[EventRounds "9"]
[EventCountry "HUN"]
[SourceTitle "EXT 2011"]
[Source "ChessBase"]
[SourceDate "2010.11.26"]
[SourceVersion "1"]
[SourceVersionDate "2010.11.26"]
[SourceQuality "1"]

1. e4 e6 2. Nf3 d5 3. e5 c5 4. b4 cxb4 5. a3 bxa3 6. d4 Nc6 7. c3 Bd7 8. Bd3 g6 9. h4 f5 10. h5 Bg7 11. Rxa3 Nge7 12. h6 Bf8 13. Bg5 Qc7 14. Bf6 Rg8 15. Ng5 Nc8 16. Ra2 Be7 17. Nxh7 Nb6 18. Bg7 0-0-0 19. Nf6 Rh8 20. Re2 Kb8 21. Qd2 Rc8 22. Kf1 Rcf8 23. h7 Be8 24. Qh6 Bf7 25. Bxh8 Rxh8 26. Qg7 Bxf6 27. exf6 Qc8 28. Qxf7 Nd8 29. Qg7 Nc6 30. f7 1-0

[Event "HUN-chT2 Asztalos 0809"]
[Site "Hungary"]
[Date "2009.04.05"]
[Round "10"]
[White "Tvarusko, Laszlo"]
[Black "Dios, Istvan"]
[Result "1/2-1/2"]
[WhiteElo "2008"]
[BlackElo "1948"]
[PlyCount "84"]
[EventDate "2008.10.26"]
[EventType "team-tourn"]
[EventRounds "11"]
[EventCountry "HUN"]
[SourceTitle "EXT 2010"]
[Source "ChessBase"]
[SourceDate "2010.11.25"]
[SourceVersion "1"]
[SourceVersionDate "2010.11.25"]
[SourceQuality "1"]
[WhiteTeam "Fehervar"]
[BlackTeam "MAV Elore"]
[WhiteTeamCountry "HUN"]
[BlackTeamCountry "HUN"]

1. d4 d5 2. c4 dxc4 3. Qa4+ Bd7 4. Qxc4 e6 5. Nc3 Nf6 6. Nf3 Nc6 7. e4 Nb4 8. Qb3 c5 9. a3 cxd4 10. Nxd4 Nc6 11. Nf3 Bc5 12. Be2 Qb6 13. Qxb6 Bxb6 14. 0-0 0-0 15. Rd1 Rfd8 16. Bg5 Be8 17. e5 Rxd1+ 18. Rxd1 Ng4 19. Bh4 Ncxe5 20. h3 Nxf3+ 21. Bxf3 Ne5 22. Bxb7 Rb8 23. Ba6 f6 24. Bg3 Bc7 25. b4 Rb6 26. Be2 Rd6 27. Bxe5 Rxd1+ 28. Bxd1 Bxe5 29. Ne4 Bb2 30. a4 Ba3 31. b5 Bg6 32. f3 Bxe4 33. fxe4 Kf7 34. Kf1 Ke7 35. Ke2 Kd6 36. Kd3 Kc5 37. Bb3 Kd6 38. Kd4 Bc5+ 39. Kd3 Bb6 40. Bd1 g6 41. Bb3 Ba5 42. Kd4 Bb6+ 1/2-1/2

[Event "HUN-chT2 Asztalos 0809"]
[Site "Hungary"]
[Date "2009.02.08"]
[Round "7"]
[White "Tvarusko, Laszlo"]
[Black "Turi, Istvan"]
[Result "0-1"]
[WhiteElo "2008"]
[BlackElo "1904"]
[PlyCount "90"]
[EventDate "2008.10.26"]
[EventType "team-tourn"]
[EventRounds "11"]
[EventCountry "HUN"]
[SourceTitle "EXT 2010"]
[Source "ChessBase"]
[SourceDate "2010.11.25"]
[SourceVersion "1"]
[SourceVersionDate "2010.11.25"]
[SourceQuality "1"]
[WhiteTeam "Fehervar"]
[BlackTeam "Baja"]
[WhiteTeamCountry "HUN"]
[BlackTeamCountry "HUN"]

1. d4 Nf6 2. c4 e6 3. Nc3 d5 4. Bg5 Be7 5. e3 0-0 6. Nf3 Nbd7 7. Bd3 b6 8. 0-0 dxc4 9. Bxc4 Bb7 10. Rc1 a6 11. Qe2 b5 12. Bb3 c5 13. Rfd1 Ne4 14. Nxe4 Bxe4 15. Bf4 Qb6 16. Ng5 Bb7 17. Rc3 g6 18. Nf3 Bf6 19. Bh6 Rfd8 20. Bf4 Bxf3 21. Qxf3 Rac8 22. Qe4 c4 23. Bc2 b4 24. Rxc4 Rxc4 25. Bb3 Rcc8 26. g4 Qc6 27. Qd3 Nc5 28. Qe2 Nxb3 29. axb3 Qc2 30. Rd2 Qc6 31. g5 Bg7 32. h4 Qc1+ 33. Kg2 Qc6+ 34. Kh2 Rd5 35. Bg3 Qb5 36. Qg4 Rc1 37. Re2 e5 38. dxe5 Bxe5 39. f4 Bg7 40. h5 Rdd1 41. h6 Rh1+ 42. Kg2 Qd5+ 43. e4 Rcg1+ 44. Kf2 Bd4+ 45. Kf3 Qxb3+ 0-1

[Event "HUN-chT2 Asztalos 0809"]
[Site "Hungary"]
[Date "2009.01.11"]
[Round "5"]
[White "Tvarusko, Laszlo"]
[Black "Forgacs, Laszlo"]
[Result "1/2-1/2"]
[WhiteElo "2008"]
[BlackElo "1625"]
[PlyCount "96"]
[EventDate "2008.10.26"]
[EventType "team-tourn"]
[EventRounds "11"]
[EventCountry "HUN"]
[SourceTitle "EXT 2010"]
[Source "ChessBase"]
[SourceDate "2010.11.25"]
[SourceVersion "1"]
[SourceVersionDate "2010.11.25"]
[SourceQuality "1"]
[WhiteTeam "Fehervar"]
[BlackTeam "Mohacs"]
[WhiteTeamCountry "HUN"]
[BlackTeamCountry "HUN"]

1. d4 Nf6 2. c4 e6 3. Nc3 d5 4. Bg5 Be7 5. e3 0-0 6. Nf3 Nbd7 7. Bd3 dxc4 8. Bxc4 c5 9. 0-0 Nb6 10. Bd3 cxd4 11. Nxd4 Nfd5 12. Bxe7 Qxe7 13. Rc1 Bd7 14. Qd2 Rac8 15. Nxd5 Nxd5 16. Rxc8 Rxc8 17. Rc1 Rxc1+ 18. Qxc1 Qb4 19. a3 Qd6 20. Qc2 g6 21. g3 e5 22. Nb5 Bxb5 23. Bxb5 Qc7 24. Qxc7 Nxc7 25. Bc4 Kf8 26. Kf1 g5 27. e4 Ke7 28. Ke2 b6 29. Ke3 Ne8 30. f4 f6 31. f5 h6 32. b4 Nd6 33. Bd3 Ne8 34. Kd2 Kd6 35. Kc3 Kc6 36. a4 Nd6 37. Kd2 a5 38. Kc3 Kc7 39. Bc2 Kc6 40. h4 Kc7 41. hxg5 hxg5 42. Bd3 Kc6 43. Bc2 Kc7 44. b5 Nb7 45. Kc4 Kd6 46. Bd3 Nc5 47. Bc2 Nd7 48. Bd3 Nc5 1/2-1/2

[Event "HUN-chT2 Asztalos 0809"]
[Site "Hungary"]
[Date "2008.12.21"]
[Round "4"]
[White "Katona, Ferenc Jr"]
[Black "Tvarusko, Laszlo"]
[Result "0-1"]
[WhiteElo "1872"]
[BlackElo "2008"]
[PlyCount "134"]
[EventDate "2008.10.26"]
[EventType "team-tourn"]
[EventRounds "11"]
[EventCountry "HUN"]
[SourceTitle "EXT 2010"]
[Source "ChessBase"]
[SourceDate "2010.11.25"]
[SourceVersion "1"]
[SourceVersionDate "2010.11.25"]
[SourceQuality "1"]
[WhiteTeam "Dunaujvaros"]
[BlackTeam "Fehervar"]
[WhiteTeamCountry "HUN"]
[BlackTeamCountry "HUN"]

1. d4 Nf6 2. e3 e6 3. f4 d5 4. Nf3 c5 5. c3 Nc6 6. Bd3 Be7 7. Nbd2 0-0 8. 0-0 cxd4 9. exd4 Ng4 10. Qe1 f5 11. Ne5 Nf6 12. Rf3 Nxe5 13. fxe5 Ne4 14. Rh3 Bd7 15. Nf3 Qe8 16. Qe2 Rc8 17. Bd2 a6 18. Rf1 Bb5 19. Ne1 Bxd3 20. Nxd3 Rc6 21. Kh1 g5 22. Nf2 Qg6 23. Bc1 Rcc8 24. Nd3 Kg7 25. Kg1 h6 26. g4 fxg4 27. Rxf8 Rxf8 28. Qxg4 Qf5 29. Qg2 Kg6 30. a3 b6 31. Re3 a5 32. Rh3 Rf7 33. Nf4+ Kh7 34. Ne2 Qf2+ 35. Qxf2 Rxf2 36. Re3 Rf7 37. Kg2 b5 38. a4 b4 39. c4 g4 40. cxd5 exd5 41. Ng3 Rf2+ 42. Kg1 Rc2 43. Re1 Nxg3 44. hxg3 Kg6 45. Rf1 h5 46. e6 Re2 47. Bf4 Rxe6 48. Bc7 Bf6 49. Rd1 Re4 50. b3 Bxd4+ 51. Kf1 Be5 52. Bxa5 Bxg3 53. Rxd5 h4 54. Rd3 Be1 55. Bc7 h3 56. a5 Bc3 57. a6 Re1+ 58. Kf2 Ra1 59. Rd6+ Kf5 60. Rd5+ Ke4 61. Ra5 Bd4+ 62. Kg3 Rg1+ 63. Kh2 Rg2+ 64. Kh1 g3 65. Bxg3 Rxg3 66. a7 Bxa7 67. Rxa7 Rxb3 0-1

[Event "HUN-chT2 Asztalos 0809"]
[Site "Hungary"]
[Date "2008.11.30"]
[Round "3"]
[White "Tvarusko, Laszlo"]
[Black "Toth, Daniel"]
[Result "1-0"]
[WhiteElo "2008"]
[BlackElo "2103"]
[PlyCount "77"]
[EventDate "2008.10.26"]
[EventType "team-tourn"]
[EventRounds "11"]
[EventCountry "HUN"]
[SourceTitle "EXT 2010"]
[Source "ChessBase"]
[SourceDate "2010.11.25"]
[SourceVersion "1"]
[SourceVersionDate "2010.11.25"]
[SourceQuality "1"]
[WhiteTeam "Fehervar"]
[BlackTeam "Tamasi Szabadido"]
[WhiteTeamCountry "HUN"]
[BlackTeamCountry "HUN"]

1. d4 d5 2. c4 dxc4 3. Nf3 Bf5 4. Nc3 Nf6 5. e3 Nc6 6. Bxc4 e6 7. 0-0 a6 8. Re1 Bg6 9. e4 h6 10. d5 Na5 11. Bf1 b5 12. a3 Nb7 13. Ne5 Bh7 14. dxe6 fxe6 15. Nd3 Bg6 16. Bf4 Nc5 17. Nxc5 Bxc5 18. Qb3 Bf7 19. Rad1 Nd7 20. e5 Qe7 21. Ne4 Ba7 22. Qg3 g5 23. Bd2 Bg6 24. Bb4 Qg7 25. Bc3 0-0 26. Rxd7 Qxd7 27. Nf6+ Rxf6 28. exf6 Kf7 29. h4 Rh8 30. hxg5 hxg5 31. Rd1 Qc8 32. Bd3 Bxd3 33. Qxd3 Bb6 34. Qd7+ Qxd7 35. Rxd7+ Kg6 36. Re7 Rf8 37. Rxe6 Rf7 38. g4 Rd7 39. Kg2 1-0